00923caa a22002655a 450000100100000000500170001000800410002702000150006804000310008308200210011424500660013526000310020130000360023249000380026850400510030665000330035765000400039065100100043065300280044070000300046871000330049894200080053199900170053995201010055600659610820180321114258.0020128t2003 enka frb 001 0 eng d a0852969619 aStDuBDSdUkdEG-ScBUEbeng04a620.193222bPRO00aProperties of amorphous carbon /cedited by S. Ravi P. Silva. aLondon :bINSPEC,cc.2003. axviii, 367 p. :bill. ;c29 cm.0 aEMIS datareviews series ;vno. 29 aIncludes bibliographical references and index. 7aAmorphous substances.2BUEsh 7aCarbonxElectric properties.2BUEsh 2BUEsh bGGENbENGGENcMarch20181 aSilva, S. R. P.,eeditor.2 aINSPEC (Information service) 2ddc c26376d26348 00102ddc4070aMAINbMAINc1STd2018-03-21l0o620.193 PROp000047476r2025-07-15 00:00:00yBB